The Giant Robot Quiz - Statistics

General Stats
  • This quiz has been taken 9 times
  • The average score is 7 of 11
Answer Stats
Description Answer % Correct
Giant robot from power rangers Megazord
100%
From transformers, leader of the autobots Optimus Prime
100%
From the Godzilla series, made in the image of Godzilla Mecha Godzilla
86%
From a 90's animated movie, heroic robot that stops a nuke The Iron Giant
71%
Fallout 3/4 robot that throws nukes and hates commies Liberty Prime
57%
Robots that Solid Snake has to take down Metal Gears
57%
From Neon Genesis Evangelion, Shinji's robot EVA - 01
43%
From Pacific Rim, the first Jaeger we see Gipsy Danger
43%
From Greek mythology, robot made of bronze Talos
43%
Robot composed of 5 different robotic lions Voltron
43%
Jack Cooper's titan in Titanfall 2 BT-7274
29%
No matching quizzes found
Score Distribution
Percent of People with Each Score
Percentile by Number Answered
Your Score History
You have not taken this quiz